Mortuary variability and social diversity in Ancient Greece : studies on Ancient Greek death and burial /
Brings together early career scholars working on funerary customs in Greece from the Early Iron Age to the Roman period. Papers present various thematic and interdisciplinary analysis in which funerary contexts provide insights on individuals, social groups and communities.
مؤلفون آخرون: ,
التنسيق: كتاب الكتروني
اللغة: English
منشور في:
Oxford :
Archaeopress Archaeology,
2020.
الموضوعات:
الوصول للمادة أونلاين: Login to view Source
الوسوم: إضافة وسم
رقم الطلب: GT3170
| LEADER | 01900nam a2200397 i 4500 | ||
|---|---|---|---|
| 001 | EDZ0002251253 | ||
| 003 | StDuBDS | ||
| 005 | 20230412182713.0 | ||
| 006 | m|||||o||d|||||||| | ||
| 007 | cr ||||||||||| | ||
| 008 | 200129s2020 enka fob 000|0|eng|d | ||
| 020 | |a 9781789694437 (ebook) : |c No price | ||
| 040 | |a StDuBDS |b eng |c StDuBDS |e rda |e pn | ||
| 050 | 4 | |a GT3170 | |
| 082 | 0 | 4 | |a 393.0938 |2 23 |
| 245 | 0 | 0 | |a Mortuary variability and social diversity in Ancient Greece : |b studies on Ancient Greek death and burial / |c edited by Nikolas Dimakis and Tamara M. Dijkstra. |
| 264 | 1 | |a Oxford : |b Archaeopress Archaeology, |c 2020. | |
| 300 | |a 1 online resource (ii, 196 pages) : |b illustrations (black and white, and colour) | ||
| 336 | |a text |2 rdacontent | ||
| 336 | |a still image |2 rdacontent | ||
| 337 | |a computer |2 rdamedia | ||
| 338 | |a online resource |2 rdacarrier | ||
| 504 | |a Includes bibliographical references. | ||
| 520 | 8 | |a Brings together early career scholars working on funerary customs in Greece from the Early Iron Age to the Roman period. Papers present various thematic and interdisciplinary analysis in which funerary contexts provide insights on individuals, social groups and communities. | |
| 521 | |a Specialized. | ||
| 588 | |a Description based on online resource; title from PDF title page (viewed on May 5, 2020). | ||
| 650 | 0 | |a Funeral rites and ceremonies, Ancient |z Greece. | |
| 650 | 0 | |a Burial |z Greece |x History |y To 1500. | |
| 651 | 0 | |a Greece |x Social conditions |y To 146 B.C. | |
| 700 | 1 | |a Dimakis, Nikolas, |e editor. | |
| 700 | 1 | |a Dijkstra, Tamara M., |d 1985- |e editor. | |
| 776 | 0 | 8 | |i Print version : |z 9781789694420 |
| 856 | 4 | 0 | |3 Archaeopress |u http://library.arce.org:8087/Archaeopress/Products/9781789694420 |
| 942 | |2 lcc |c EBOOK | ||
| 952 | |0 0 |1 0 |4 0 |6 GT3170 |7 1 |9 46646 |a ARCH |b ARCH |d 2023-04-12 |l 0 |o GT3170 |r 2023-04-12 00:00:00 |w 2023-04-12 |y EBOOK | ||
| 999 | |c 52304 |d 52304 | ||
